书目信息 |
| 题名: |
热学
|
|
| 作者: | 李椿 , 章立源 , 钱尚武著 ;钱尚武 , 章立源 修订 | |
| 分册: | ||
| 出版信息: | 北京 高等教育出版社 2015.02 |
|
| 页数: | 275页 | |
| 开本: | 20cm | |
| 丛书名: | ||
| 单 册: | ||
| 中图分类: | O551-43 | |
| 科图分类: | ||
| 主题词: | 热学 , 分子运动论 | |
| 电子资源: | ||
| ISBN: | 978-7-04-044065-2 | |
| 000 | 00818nam0 2200265 45 | |
| 001 | 2062212341 | |
| 005 | 20201102171754.15 | |
| 010 | @a978-7-04-044065-2@dRMB 33.80 | |
| 100 | @a20201102d2015 km y0chiy0120 ea | |
| 101 | 0 | @achi |
| 102 | @aCN@b110000 | |
| 200 | 1 | @a热学@Are xue@f李椿, 章立源, 钱尚武著 ; 钱尚武, 章立源修订@Fli chun,zhang li yuan,qian shang wu zhu;qian shang wu,zhang li yuan xiu ding |
| 205 | @a3版 | |
| 210 | @a北京@c高等教育出版社@d2015.02 | |
| 215 | @a275页@d20cm | |
| 606 | 0 | @a热学 |
| 606 | 0 | @a分子运动论 |
| 690 | @aO551-43@v4 | |
| 701 | 0 | @a李椿@Ali chun |
| 701 | 0 | @a章立源@Azhang li yuan |
| 701 | 0 | @a钱尚武著@Aqian shang wu zhu |
| 702 | 0 | @a钱尚武@Aqian shang wu@4修订 |
| 702 | 0 | @a章立源@Azhang li yuan@4修订 |
| 801 | 0 | @aCN@bPFT@c20201102 |
| 905 | @a10447@dO551-43@eL135=3 | |
| 热学/李椿, 章立源, 钱尚武著 ; 钱尚武, 章立源修订.-3版.-北京:高等教育出版社,2015.02 |
| 275页;20cm |
| ISBN 978-7-04-044065-2:RMB 33.80 |
| ● |
| 相关链接 |
|
|
|
正题名:热学
索取号:O551-43/L135=3
 
预约/预借
| 序号 | 登录号 | 条形码 | 馆藏地/架位号 | 状态 | 备注 |
| 1 | 1501712 | 215017121 | 自科库401/401自科库 59排5列3层/ [索取号:O551-43/L135=3] | 在馆 |